| 000 | 00853nam a22002532 4500 | ||
|---|---|---|---|
| 001 | 0000002179 | ||
| 005 | 20151217151842.0 | ||
| 008 | 070404s xx 000 0 eng d | ||
| 020 | _cKES 3,132 | ||
| 040 |
_aKABU _cKABU |
||
| 050 | 0 |
_aHF5415.123 _b.K87 1993 |
|
| 100 | 1 |
_aKroenke, David. _@0000154967 |
|
| 245 | 1 | 0 |
_aBusiness information systems : _ban introduction / _cDavid Kroenke and Richard Hatch. |
| 250 | _a5th ed. | ||
| 260 |
_aNew York : _bMitchell McGraw-Hill, _c1993. |
||
| 300 | _axxvii, 516 p. | ||
| 650 | 0 |
_aManagement information systems. _@0000148209 |
|
| 700 | 1 |
_aHatch, Richard. _@0000159957 |
|
| 908 | _a070404 | ||
| 950 | _@1 | ||
| 999 |
_c5689 _d5689 |
||